| 000 | 00374 a2200169 4500 | ||
|---|---|---|---|
| 001 | 182208 | ||
| 020 | _a85-7232-471-2 | ||
| 040 | _cMagnum | ||
| 100 | _aDoyle, Conan | ||
| 240 | 1 | 0 |
_aUm estudo em vermelho _lpor |
| 245 | 1 | 0 | _aUm estudo em vermelho |
| 300 | _a125 | ||
| 362 | 0 | _a2003 | |
| 440 | 1 | _aMartin Claret | |
| 697 | _aLITERATURA GERAL ESTRANGEIRA | ||
| 942 | _cBK | ||
| 999 |
_c182208 _d182208 |
||